Живописное мастерство Врубеля

Бібліографічні деталі
Автор: Алпатов М. Михаил
Інші автори: Анисимов Г. Григорий
Мова:Російська
Опубліковано: Москва, Лира, 2000
Серія:Мусагетъ
Предмети:
Формат: MixedMaterials Книга
KOHA link:https://koha.lib.tpu.ru/cgi-bin/koha/opac-detail.pl?biblionumber=25551

MARC

LEADER 00000nam0a2200000 4500
001 25551
005 20231101205656.0
010 |a 585164031619 
035 |a (RuTPU)RU\TPU\book\25787 
035 |a BOOK00025862 
090 |a 25551 
100 |a 20011209d2000 m y0rusy50 ca 
101 0 |a rus 
102 |a RU 
105 |a a z 000zb 
200 1 |a Живописное мастерство Врубеля  |f М. Алпатов, Г. Анисимов 
210 |a Москва  |c Лира  |d 2000 
215 |a 264 с.  |c ил. 
225 1 |a Мусагетъ 
600 1 |a Врубель  |b М. А.  |c русский живописец  |f 1856-1910  |g Михаил Александрович  |2 stltpush  |3 (RuTPU)RU\TPU\pers\10469  |9 2226 
606 1 |a Живописцы  |2 stltpush  |3 (RuTPU)RU\TPU\subj\10834  |9 37852 
610 1 |a искусство 
610 1 |a живопись 
610 1 |a русская живопись 
610 1 |a 19 век 
610 1 |a история 
675 |a 75.071(092)Врубель М.А.  |v 3 
700 1 |a Алпатов  |b М.  |g Михаил 
701 1 |a Анисимов  |b Г.  |g Григорий 
801 0 |a RU  |b 63413507  |c 20011209  |g PSBO 
801 2 |a RU  |b 63413507  |c 20140922  |g PSBO 
942 |c BK